Länder mit den höchsten Bergen - Statistiken

Allgemein
  • Dieses Quiz wurde 249 mal gespielt
  • Das Durchschnittsergebnis liegt bei 16 aus 20
Antwortstatistiken
Meter Land % Korrekt
8848 China
99%
8848 Nepal
98%
8586 Indien
93%
8611 Pakistan
93%
6191 Vereinigte Staaten
92%
6893 Chile
89%
5642 Russland
89%
5959 Kanada
87%
6960 Argentinien
86%
6768 Peru
83%
7492 Afghanistan
80%
7010 Kasachstan
78%
7570 Bhutan
77%
6542 Bolivien
74%
7495 Tadschikistan
73%
6267 Ecuador
71%
7439 Kirgisistan
71%
5700 Kolumbien
70%
5892 Tansania
64%
5881 Myanmar
39%
Keine übereinstimmenden Quizze gefunden
Verteilung der Resultate
Anzahl Personen mit jedem Resultat
Perzentil nach korrekt beantworteten Fragen
Ihre Resultats-Entwicklung
Sie haben dieses Quiz noch nicht gespielt